Trade unions in Maharashtra (Record no. 497072)

000 -LEADER
fixed length control field 00349cam a22001097a 4500
008 - FIXED-LENGTH DATA ELEMENTS--GENERAL INFORMATION
fixed length control field 180718b1971 xxu||||| |||| 00| 0 eng d
082 ## - DEWEY DECIMAL CLASSIFICATION NUMBER
Classification number R8068x5442 B639/1967-69
245 ## - TITLE STATEMENT
Title Trade unions in Maharashtra
Statement of responsibility, etc. by Bombay Labour Institute
260 ## - PUBLICATION, DISTRIBUTION, ETC.
Place of publication, distribution, etc. Bombay
Name of publisher, distributor, etc. Bombay Labour Institute
Date of publication, distribution, etc. 1971
300 ## - PHYSICAL DESCRIPTION
Extent 225p
700 ## - ADDED ENTRY--PERSONAL NAME
Personal name Maharashtra. Bombay Labour Institute
Holdings
Withdrawn status Lost status Damaged status Not for loan Permanent Location Current Location Date acquired Full call number Barcode Date last seen Price effective from Koha item type
        Indian Institute of Public Administration Indian Institute of Public Administration 2018-08-04 R8068x5442 B639/1967-69 GG12359 2018-08-04 2018-08-04 GG

Powered by Koha